000 00282nam a2200109Ia 4500
008 190216s9999||||xx |||||||||||||| ||und||
100 _aDhilllon R
245 0 _aBank Probationary Officers Exam
260 _b"Dhillian Publications, New Delhi"
_c1986
300 _a657p
942 _cREF
999 _c35711
_d35711